[Event "Ulm/Neu Ulm-ch"]
[Site "Ulm/Neu Ulm"]
[Date "2008.11.14"]
[Round "5"]
[White "Hartmann, Thomas"]
[Black "Hoersch, Florian"]
[Result "1-0"]
[WhiteElo "1889"]
[BlackElo "1495"]
[PlyCount "43"]
[EventDate "2008.09.19"]
[EventType "swiss"]
[EventRounds "7"]
[EventCountry "GER"]
[SourceTitle "EXT 2011"]
[Source "ChessBase"]
[SourceDate "2010.11.26"]
[SourceVersion "1"]
[SourceVersionDate "2010.11.26"]
[SourceQuality "1"]

1. d4 d5 2. c4 e6 3. Nc3 Nf6 4. Bg5 c6 5. cxd5 cxd5 6. e3 Bd6 7. Bd3 h6 8. Bh4 0-0 9. Rc1 Nc6 10. Nge2 Bd7 11. Bg3 Bxg3 12. hxg3 a6 13. Nf4 Qa5 14. g4 e5 15. g5 hxg5 16. Nfxd5 g4 17. Kd2 exd4 18. Nxf6+ gxf6 19. Rh8+ Kg7 20. Rh7+ Kg8 21. Qh1 dxc3+ 22. Rxc3 1-0

[Event "Ulm/Neu Ulm-ch"]
[Site "Ulm/Neu Ulm"]
[Date "2007.12.30"]
[Round "6"]
[White "Fischer, Heidi"]
[Black "Hoersch, Florian"]
[Result "1/2-1/2"]
[WhiteElo "1479"]
[BlackElo "1013"]
[PlyCount "50"]
[EventDate "2007.09.21"]
[EventType "swiss"]
[EventRounds "7"]
[EventCountry "GER"]
[SourceTitle "EXT 2011"]
[Source "ChessBase"]
[SourceDate "2010.11.26"]
[SourceVersion "1"]
[SourceVersionDate "2010.11.26"]
[SourceQuality "1"]

1. c4 Nf6 2. Nf3 d5 3. d4 e6 4. Nc3 c5 5. Bg5 dxc4 6. e4 Be7 7. dxc5 0-0 8. Bxc4 Nc6 9. a3 e5 10. h3 Be6 11. Bxf6 Bxf6 12. Nd5 Bxd5 13. Bxd5 Nd4 14. b4 Qc7 15. 0-0 Rad8 16. Re1 Rfe8 17. Rc1 Re7 18. Rc3 a5 19. Qa4 axb4 20. axb4 Qd7 21. Qa2 Qb5 22. Nxd4 exd4 23. Rcc1 Qxb4 24. Qb1 Qxb1 25. Rxb1 Rc7 1/2-1/2